The Professional Examinations (Record no. 119386)

MARC details
000 -LEADER
fixed length control field 00639cas a22001935a 4500
001 - CONTROL NUMBER
control field L157546
008 - FIXED-LENGTH DATA ELEMENTS--GENERAL INFORMATION
fixed length control field 130115d19541965xxkux eng u
035 ## - SYSTEM CONTROL NUMBER
System control number (Sirsi) u157546
041 0# - LANGUAGE CODE
Language code of text/sound track or separate title eng
110 2# - MAIN ENTRY--CORPORATE NAME
Corporate name or jurisdiction name as entry element Royal Institution of Chartered Surveyors
9 (RLIN) 4900
240 00 - UNIFORM TITLE
Uniform title Recommended Reading and Further Reading for the Professional Examinations
245 04 - TITLE STATEMENT
Title The Professional Examinations
Remainder of title List of Recommended Text and Reference Books
260 ## - PUBLICATION, DISTRIBUTION, ETC.
Place of publication, distribution, etc. London
Name of publisher, distributor, etc. RICS
Date of publication, distribution, etc. [196-?]-[198-?]
362 0# - DATES OF PUBLICATION AND/OR SEQUENTIAL DESIGNATION
Dates of publication and/or sequential designation London: 1954, 1960, 1965
554 ## -
-- Irregular
651 #4 - SUBJECT ADDED ENTRY--GEOGRAPHIC NAME
Geographic name England and Wales
Chronological subdivision 1543-
690 ## - LOCAL SUBJECT ADDED ENTRY--TOPICAL TERM (OCLC, RLIN)
Topical term or geographic name as entry element Business and management
942 ## - ADDED ENTRY ELEMENTS (KOHA)
Suppress in OPAC 0
Holdings
Withdrawn status Lost status Source of classification or shelving scheme Damaged status Not for loan Home library Current library Shelving location Date acquired Total Checkouts Full call number Barcode Date last seen Price effective from Koha item type
    Dewey Decimal Classification     London London Gallery 15/01/2013   RICS - PROFESSIONAL EXAMINATIONS LIST 157546-1001 06/08/2019 06/08/2019 Journal